00902nam a2200241Ia 450000500170000000800410001702000270005804000190008504100120010408200130011624501240012926000420025330000160029550400190031165000180033065100440034870000200039285000100041294200070042299900150042995201030044495201130054720230111150436.0131103s9999 xx 000 0 und d a0 19 561207 8cRs. 165 aLoreto College aEnglish a801bDAS aLiterary criticismbA reading with introduction and notes cedited by B. B. Das; introduction by Jatindra Mohan Mohanti aOxfordbOxford University Pressc1985 aLii,498 p.  aIncludes notes aLiterature -  aLiterary Theory - Literary Criticism -  aDas, B. B.4ed. aLCLIB cBK c545d51024 00102ddc4070aMAINbMAINd2013-11-04l0o801.95 DAS 29420pB21555r2013-11-04w2013-11-04yBKf 00102ddc4070aMAINbMAINd2013-11-04l3o801.95 DAS 41810pB554r2018-10-13s2018-10-13w2013-11-04yBKf